[Event "ROM-ch U18"]
[Site "Calimanesti"]
[Date "2018.03.27"]
[Round "1"]
[White "Olinici, Emanuel"]
[Black "Vasiesiu, Victor"]
[Result "0-1"]
[WhiteElo "1964"]
[BlackElo "2326"]
[PlyCount "69"]
[EventDate "2018.03.27"]
[EventType "swiss"]
[EventRounds "9"]
[EventCountry "ROU"]
[SourceTitle "CBM 183 Extra"]
[Source "ChessBase"]
[SourceDate "2018.04.19"]
[SourceVersion "1"]
[SourceVersionDate "2018.04.19"]
[SourceQuality "1"]

1. d4 e6 2. c4 f5 3. Nc3 Nf6 4. e3 b6 5. Bd3 Bb7 6. f3 Bb4 7. Nge2 0-0 8. Bd2 Nh5 9. Qc2 Qh4+ 10. g3 Qh3 11. e4 Bxc3 12. Bxc3 Qg2 13. 0-0-0 fxe4 14. fxe4 Rf2 15. d5 e5 16. Bxe5 Na6 17. Rde1 Qf3 18. Kd2 Nb4 19. Qc3 c5 20. a3 Nxd3 21. Qxd3 Qg4 22. h3 Qg5+ 23. Bf4 Nxf4 24. gxf4 Qxf4+ 25. Qe3 Qf6 26. e5 Qf5 27. Rhg1 h6 28. Rg3 Re8 29. Reg1 Rxe5 30. Rxg7+ Kf8 31. Rg8+ Ke7 32. R1g7+ Kd6 33. Rg6+ Kc7 34. d6+ Kc6 35. b4 0-1

[Event "ROM-chT"]
[Site "Baile Govora"]
[Date "2017.11.19"]
[Round "9.1"]
[White "Pit Rada, Mihail Cosmin"]
[Black "Vasiesiu, Victor"]
[Result "0-1"]
[WhiteElo "2097"]
[BlackElo "2205"]
[PlyCount "89"]
[EventDate "2017.11.11"]
[EventType "team-tourn"]
[EventRounds "9"]
[EventCountry "ROU"]
[SourceTitle "EXT 2019"]
[Source "ChessBase"]
[SourceDate "2018.10.10"]
[SourceVersion "1"]
[SourceVersionDate "2018.10.10"]
[SourceQuality "1"]
[WhiteTeam "Targoviste"]
[BlackTeam "Galati"]
[WhiteTeamCountry "ROU"]
[BlackTeamCountry "ROU"]

1. c4 e5 2. g3 Nc6 3. Bg2 Bc5 4. Nc3 d6 5. a3 a6 6. e3 Ba7 7. Nge2 Nge7 8. 0-0 h5 9. b4 h4 10. b5 axb5 11. cxb5 Na5 12. d4 Be6 13. dxe5 dxe5 14. Qxd8+ Rxd8 15. Rd1 0-0 16. Bb2 Nc4 17. Rxd8 Rxd8 18. Rd1 Rxd1+ 19. Nxd1 Bg4 20. Nec3 c6 21. bxc6 bxc6 22. gxh4 Nd2 23. h3 Bh5 24. a4 Nf3+ 25. Kf1 Nxh4 26. Ba3 Nd5 27. Bxd5 cxd5 28. Nxd5 Bxd1 29. Ne7+ Kh7 30. Nc6 Bb6 31. Nxe5 f6 32. Nd7 Ba5 33. Nc5 Bf3 34. Nb3 Bc3 35. Nd4 Bd1 36. Ne6 Bxa4 37. Bf8 Bb5+ 38. Kg1 Bd7 39. Nf4 Ba5 40. Ba3 Bf5 41. Ne2 Bxh3 42. Bc5 Nf3+ 43. Kh1 Bf1 44. Ng1 Nxg1 45. Kxg1 0-1

[Event "ROM-chT"]
[Site "Baile Govora"]
[Date "2017.11.15"]
[Round "5.3"]
[White "Banzea, Alexandru Bogdan"]
[Black "Vasiesiu, Victor"]
[Result "1/2-1/2"]
[WhiteElo "2308"]
[BlackElo "2205"]
[PlyCount "48"]
[EventDate "2017.11.11"]
[EventType "team-tourn"]
[EventRounds "9"]
[EventCountry "ROU"]
[SourceTitle "CBM 181 Extra"]
[Source "ChessBase"]
[SourceDate "2017.12.12"]
[SourceVersion "1"]
[SourceVersionDate "2017.12.12"]
[SourceQuality "1"]
[WhiteTeam "Baia Mare"]
[BlackTeam "Galati"]
[WhiteTeamCountry "ROU"]
[BlackTeamCountry "ROU"]

1. e4 c5 2. Nf3 e6 3. d4 cxd4 4. Nxd4 Nc6 5. Nc3 Qc7 6. Qd3 Nxd4 7. Qxd4 a6 8. Be3 b5 9. f3 Bb7 10. 0-0-0 Rc8 11. a3 Ne7 12. Kb1 Nc6 13. Qb6 Qxb6 14. Bxb6 Ne5 15. Bd4 f6 16. a4 b4 17. Na2 Nc4 18. Bd3 Be7 19. b3 Ne5 20. Be2 a5 21. Bb5 Bc6 22. Bxc6 Nxc6 23. Be3 Ne5 24. Nc1 Bc5 1/2-1/2

[Event "Corund Ceramica op 3rd"]
[Site "Corund"]
[Date "2017.09.28"]
[Round "4"]
[White "Stoyanov, Tsvetan"]
[Black "Vasiesiu, Victor"]
[Result "1/2-1/2"]
[WhiteElo "2178"]
[BlackElo "2267"]
[PlyCount "65"]
[EventDate "2017.09.26"]
[EventType "swiss"]
[EventRounds "9"]
[EventCountry "ROU"]
[SourceTitle "EXT 2018"]
[Source "ChessBase"]
[SourceDate "2017.10.13"]
[SourceVersion "1"]
[SourceVersionDate "2017.10.13"]
[SourceQuality "1"]

1. e4 c5 2. Nf3 e6 3. d4 cxd4 4. Nxd4 Nc6 5. Nc3 Qc7 6. a3 a6 7. Be3 b5 8. Nxc6 Qxc6 9. Be2 Bb7 10. 0-0 Nf6 11. Bf3 Qc7 12. e5 Ng8 13. Bxb7 Qxb7 14. Qd3 f5 15. Rad1 Rc8 16. Ne2 Ne7 17. Nd4 Ng6 18. f4 Bc5 19. c3 0-0 20. Nc2 Rfd8 21. Bxc5 Rxc5 22. Ne3 Rc6 23. g3 Nh8 24. Nc2 Nf7 25. Nd4 Rc7 26. Rd2 Re8 27. Re1 g5 28. Qf3 Qxf3 29. Nxf3 h6 30. Red1 Rd8 31. Nd4 Re8 32. Nf3 Rd8 33. Nd4 1/2-1/2

[Event "Corund Ceramica op 3rd"]
[Site "Corund"]
[Date "2017.09.27"]
[Round "2"]
[White "Krykun, Yuriy"]
[Black "Vasiesiu, Victor"]
[Result "1/2-1/2"]
[WhiteElo "2351"]
[BlackElo "2267"]
[PlyCount "42"]
[EventDate "2017.09.26"]
[EventType "swiss"]
[EventRounds "9"]
[EventCountry "ROU"]
[SourceTitle "EXT 2018"]
[Source "ChessBase"]
[SourceDate "2017.10.13"]
[SourceVersion "1"]
[SourceVersionDate "2017.10.13"]
[SourceQuality "1"]

1. Nf3 f5 2. g3 Nf6 3. Bg2 d6 4. d4 e6 5. 0-0 Be7 6. Nfd2 Nc6 7. c3 e5 8. dxe5 dxe5 9. Nc4 e4 10. Qxd8+ Bxd8 11. f3 Be6 12. Ne3 exf3 13. Bxf3 0-0 14. Nd2 Nd7 15. Nb3 Nde5 16. Bg2 Be7 17. Nd4 Nxd4 18. cxd4 Nc4 19. Nxc4 Bxc4 20. Bxb7 Rad8 21. Bf3 Bf6 1/2-1/2

[Event "EU-ch U18 27th"]
[Site "Mamaia"]
[Date "2017.09.12"]
[Round "7"]
[White "Vasiesiu, Victor"]
[Black "Lagunow, Raphael"]
[Result "0-1"]
[WhiteElo "2267"]
[BlackElo "2357"]
[PlyCount "81"]
[EventDate "2017.09.05"]
[EventType "swiss"]
[EventRounds "9"]
[EventCountry "ROU"]
[SourceTitle "EXT 2018"]
[Source "ChessBase"]
[SourceDate "2017.10.13"]
[SourceVersion "1"]
[SourceVersionDate "2017.10.13"]
[SourceQuality "1"]

1. e4 c5 2. Nc3 Nc6 3. Bb5 Nd4 4. Bc4 g6 5. Nf3 Bg7 6. Nxd4 cxd4 7. Qf3 Nh6 8. Ne2 0-0 9. d3 Ng4 10. Bb3 d6 11. Qg3 Qb6 12. 0-0 a5 13. a4 Nf6 14. Bg5 Be6 15. Bxe6 fxe6 16. Nf4 e5 17. Ne6 Rf7 18. Qh4 Rc8 19. f4 Rxc2 20. Rac1 Rc6 21. Rxc6 bxc6 22. f5 gxf5 23. exf5 Qb3 24. h3 Qxd3 25. Rf3 Qc2 26. Bh6 Bxh6 27. Qxh6 Kh8 28. Nf8 Rg7 29. Ng6+ Kg8 30. Nxe7+ Kf7 31. Rf2 Qd1+ 32. Kh2 Qe1 33. Rf3 Qe2 34. Rg3 Rxg3 35. Kxg3 Qh5 36. Ng8 Qxh6 37. Nxh6+ Kg7 38. Ng4 Nxg4 39. hxg4 h5 40. gxh5 c5 41. b3 0-1